000
00250nam a2200097Ia 4500
008
230907s9999||||xx |||||||||||||| ||und||
082
_a
6.3
_b
ART
245
0
_a
Artificial intelligence safety and security /
300
_a
xxix, 443 pages :
942
_c
BK
999
_c
600409
_d
600409